Schaum's outline of theory and problems of electric circuits / (Record no. 186439)

000 -LEADER
fixed length control field 00939 a2200265 4500
003 - CONTROL NUMBER IDENTIFIER
control field Nust
005 - DATE AND TIME OF LATEST TRANSACTION
control field 20170207153439.0
010 ## - LIBRARY OF CONGRESS CONTROL NUMBER
LC control number 2003265248
020 ## - INTERNATIONAL STANDARD BOOK NUMBER
International Standard Book Number 0071393072
040 ## - CATALOGING SOURCE
Transcribing agency Nust
082 04 - DEWEY DECIMAL CLASSIFICATION NUMBER
Classification number 621.3815
100 1# - MAIN ENTRY--PERSONAL NAME
Personal name Nahvi, Mahmood.
245 10 - TITLE STATEMENT
Title Schaum's outline of theory and problems of electric circuits /
Statement of responsibility, etc. Mahmood Nahvi, Joseph A. Edminister.
246 3# - VARYING FORM OF TITLE
Title proper/short title Theory and problems of electric circuits
250 ## - EDITION STATEMENT
Edition statement 4th ed.
260 ## - PUBLICATION, DISTRIBUTION, ETC.
Place of publication, distribution, etc. New York :
Name of publisher, distributor, etc. McGraw-Hill,
Date of publication, distribution, etc. c2003.
300 ## - PHYSICAL DESCRIPTION
Extent ix, 469 p. :
Other physical details ill. ;
Dimensions 28 cm.
490 0# - SERIES STATEMENT
Series statement Schaum's outline series
500 ## - GENERAL NOTE
General note Edminister's name appears first on the earlier ed.
500 ## - GENERAL NOTE
General note Includes index.
650 #0 - SUBJECT ADDED ENTRY--TOPICAL TERM
Topical term or geographic name entry element Electric circuits
700 1# - ADDED ENTRY--PERSONAL NAME
Personal name Edminister, Joseph.
856 42 - ELECTRONIC LOCATION AND ACCESS
Materials specified Contributor biographical information
Uniform Resource Identifier <a href="http://www.loc.gov/catdir/bios/mh041/2003265248.html">http://www.loc.gov/catdir/bios/mh041/2003265248.html</a>
856 42 - ELECTRONIC LOCATION AND ACCESS
Materials specified Publisher description
Uniform Resource Identifier <a href="http://www.loc.gov/catdir/description/mh031/2003265248.html">http://www.loc.gov/catdir/description/mh031/2003265248.html</a>
942 ## - ADDED ENTRY ELEMENTS (KOHA)
Source of classification or shelving scheme
Koha item type Book
Holdings
Withdrawn status Lost status Source of classification or shelving scheme Damaged status Not for loan Collection code Permanent Location Current Location Date acquired Total Checkouts Full call number Barcode Date last seen Price effective from Koha item type
            Military College of Signals (MCS) Military College of Signals (MCS) 12/12/2016   621.3815 EDM MCS15174 12/08/2016 12/12/2016 Book
            Military College of Signals (MCS) Military College of Signals (MCS) 12/12/2016   621.3815 EDM MCS15175 12/08/2016 12/12/2016 Book
            Military College of Signals (MCS) Military College of Signals (MCS) 12/12/2016   621.3815 EDM MCS15214 12/08/2016 12/12/2016 Book
            Military College of Signals (MCS) Military College of Signals (MCS) 12/12/2016   621.3815 EDM MCS15215 12/08/2016 12/12/2016 Book
            Military College of Signals (MCS) Military College of Signals (MCS) 12/12/2016   621.3815 EDM MCS15333 12/08/2016 12/12/2016 Book
© 2023 Central Library, National University of Sciences and Technology. All Rights Reserved.